000 00699cam a22002413a 4500
001 5234
003 PGUSA
005 20140828083115.0
008 040601s2004||||xxu|||||s|||||000 1 eng d
040 _aPGUSA
_beng
042 _adc
050 4 _aPR
100 1 _aLever, Charles James,
_d1806-1872
245 1 4 _aThe Confessions of Harry Lorrequer — Volume 1
_h[electronic resource] /
_cCharles James Lever
260 _bProject Gutenberg,
_c2004
506 _aPublic domain in the USA.
516 _aElectronic text
653 _aFiction
700 1 _aBrowne, Hablot Knight,
_d1815-1882
830 0 _aProject Gutenberg
_v5234
856 4 0 _uhttp://www.gutenberg.org/ebooks/5234
942 _cEB
999 _c234563
_d234563